LDR 01094nam a2200265 i 4500 001 000000057381 003 CaOOAMICUS 005 20260522162754.0 008 981022s1990 it u000 u ita u 020 $a88-06-11876-5 040 $aSeMil$bita 245 13$aLa Campania /$ca cura di Paolo Macry e Pasquale Villani. 264 1$aTorino :$bEinaudi,$c1990. 300 $aXXIII, 1256 p., [24] c. di tav. :$bill. ;$c22 cm 650 4$aCampania - Storia - Sec. 19.-20.$0(OLS)http://semarc/subject/11577 700 1 $aMacry, Paolo,$d<1969- >.$0(OLS)http://semarc/name/19831 700 1 $aVillani, Pasquale <1924-2015>.$0(OLS)http://semarc/name/9513 773 0 $tStoria d'Italia.$dTorino : Einaudi, 1977-2002.$w()3449 850 $aSeMil 852 $aSeMil$W1$xVenegono$y1$mSL1.J V 9$j272409$B23535$CSeMilBibl$Z2$F23537 $8I 961 $aAcquisto: Rappresentante 996 $6020$a88-06-11876-5$9(OLS)http://semarc/number/32705 996 $6245$aLa Campania$9(OLS)http://semarc/title/180397 996 $6264$aTorino :$bEinaudi$9(OLS)http://semarc/publisher/29884